00674nam a22001695i 4500001000700000003000900007005001700016008004100033040001400074100002900088245010900117260004700226300004900273852003700322999001900359952012600378164032ES-MaACL20230906212847.0940615s1897 fr a |||| | fre d aCAM bspa1 aRoutier, Gaston.913211612aL'Espagne en 1897 b: (Avec sept portraits hors texte et cinq tableaux statistiques) / cGaston Routier. aParis : bLibrairie H. Le Soudier, c1897. a[7], 344, IV p. [5] h. pl. lám. ; c19 cm. aES-MaACLjG-11674 z-- Enc. hol. c164032d164032 001040708LIBXIXaATENEOMbATENEOMcSPP3d2008-01-17eSSCl0oG-11674p1171915r2023-02-23 00:00:00w2023-02-23yMONANT